000 00369nam a2200145Ia 4500
008 230917s9999||||xx |||||||||||||| ||und||
040 _e121540
_aMAIN
041 _aEnglish
082 _a547.2 B731O
100 _aBrahmachari, Goutam
245 0 _aOrganic Name Reactions: A Unified Approach
260 _aNew Delhi
_bNarosa
_c2007
300 _a458p p.
942 _cBK
999 _c140639
_d140639